000 00502nam a2200181Ia 4500
003 GCL
008 140319s9999 xx 000 0 ara d
040 _aGCL /
_cGCL
082 0 4 _a813..83
_bف غ
100 1 _aفرج جبران
245 1 0 _aغرام الملوك /
_cفرج جبران
300 _a222 ص
490 _aالهيئة العامة للاستعلامات
_v0
650 0 4 _aالادب العربى
650 0 4 _aالقصص العربية
650 0 4 _aالادب
942 _2ddc
_cBK
999 _c49879
_d49879